| 000 | 00850cam a2200289Ia 4500 | ||
|---|---|---|---|
| 999 |
_c200429819 _d47745 |
||
| 003 | TR-AnTOB | ||
| 005 | 20190428202924.0 | ||
| 008 | 000525s1960 tu 000 0 tur d | ||
| 040 |
_aBGZ _beng _cTR-AnTOB _erda |
||
| 041 | 0 | _atur | |
| 049 | _aBGZA | ||
| 050 | 0 | _aBP173.6 | |
| 090 |
_aBP173.6 _b.O9 1960 |
||
| 100 | 1 |
_aÖzek, Çetin _4author _9120266 |
|
| 245 | 1 | 0 |
_aDevlet ve din / _cÇetin Özek. |
| 264 |
_aİstanbul : _bAda Yayınları, _c1960 |
||
| 300 |
_a699 p. ; _c24 cm. |
||
| 336 |
_2rdacontent _atext _btxt |
||
| 337 |
_2rdamedia _aunmediated _bn |
||
| 338 |
_2 rdacarrier _avolume _bnc |
||
| 504 | _aIncludes bibliograpical references. | ||
| 650 | 0 |
_aDin ve politika _zTürkiye _953299 |
|
| 650 | 0 |
_aİslam ve siyaset _zTürkiye _96545 |
|
| 650 | 0 |
_aIslam and politics _zTurkey _937576 |
|
| 942 |
_2lcc _cBK |
||